banner-ar

THE KNOW HOW BOOK OF SPYCRAFT / (Record no. 15128)

MARC details
000 -الفاتح
حقل البيانات ثابتة الطول 00534nam a2200217Ia 4500
008 - عناصر البيانات ثابتة الطول - معلومات عامة
حقل البيانات ثابتة الطول 140319s9999 xx 000 0 eng d
040 ## - مصدر الفهرسة
وكالة الفهرسة الأصلية GCL /
وكالة النسخ GCL
082 04 - رقم تصنيف ديوى العشرى
رقم التصنيف CH
رقم المادة 372.4
-- T K
100 1# - المدخل الرئيسى - إسم شخصى
الإسم الشخصى HINDLEY, JUDY
245 10 - بيان العنوان
العنوان THE KNOW HOW BOOK OF SPYCRAFT /
بيان المسئوليه,etc HINDLEY, JUDY
700 1# - المدخل الاضافى - اسم شخصى
الإسم الشخصى TRAVIS, FALCON
260 ## - PUBLICATION, DISTRIBUTION, ETC. (IMPRINT)
تاريخ النشر أو التوزيع 1988
300 ## - الوصف المادى
التعداد 32 P
650 04 - المدخل الاضافى بالموضوع-مصطلح موضوعى
مصطلح موضوعي READING
650 04 - المدخل الاضافى بالموضوع-مصطلح موضوعى
مصطلح موضوعي CHILDREN
650 04 - المدخل الاضافى بالموضوع-مصطلح موضوعى
مصطلح موضوعي WRITING
650 04 - المدخل الاضافى بالموضوع-مصطلح موضوعى
مصطلح موضوعي LEARNING
650 04 - المدخل الاضافى بالموضوع-مصطلح موضوعى
مصطلح موضوعي MASSAGE
942 ## - عناصر المدخل الإضافي( كوها)
مصدر التصنيف او مخطط الترفيف Dewey Decimal Classification
Koha [default] item type كتاب
260 ## - PUBLICATION, DISTRIBUTION, ETC. (IMPRINT)
-- [S.N] :
-- USBORNE LANGUAGE BOOKS ،
Holdings
حالة التراجع حالة الفقد حالة تلف ليس للاعارة المكان المؤقت الموقع الحالى تاريخ الاكتساب اجمالي اﻻعارات رقم الطلب الباركود تاريخ اخر مشاهدة تاريخ تفعيل السعر نوع وعاء كوها
        مكتبة القاهرة الكبرى مكتبة القاهرة الكبرى 03/26/2014   CH\372.4\T K 28166 03/26/2014 03/26/2014 كتاب

Powered By

EGPV